Machine tool design (Record no. 21093)

000 -LEADER
fixed length control field 00517nam a22002177a 4500
001 - CONTROL NUMBER
control field 21093
003 - CONTROL NUMBER IDENTIFIER
control field BD-DhUET
008 - FIXED-LENGTH DATA ELEMENTS--GENERAL INFORMATION
fixed length control field 150415b xxu||||| |||| 00| 0 eng d
040 ## - CATALOGING SOURCE
Original cataloging agency DLC
Transcribing agency DLC
Modifying agency BD-DhUET
082 ## - DEWEY DECIMAL CLASSIFICATION NUMBER
Classification number 621.9
Item number ACH/1969
100 ## - MAIN ENTRY--PERSONAL NAME
Personal name Fedotyonok, A.
245 ## - TITLE STATEMENT
Title Machine tool design
250 ## - EDITION STATEMENT
Edition statement 1st ed.
260 ## - PUBLICATION, DISTRIBUTION, ETC. (IMPRINT)
Place of publication, distribution, etc. Moscow
Name of publisher, distributor, etc. Mir Publishers
Date of publication, distribution, etc. 1969
300 ## - PHYSICAL DESCRIPTION
Extent 380p.
Other physical details ill.
500 ## - GENERAL NOTE
General note Vol. 2
650 #0 - SUBJECT ADDED ENTRY--TOPICAL TERM
Topical term or geographic name as entry element Machine tool, Design
700 ## - ADDED ENTRY--PERSONAL NAME
Personal name Yermakov, V.
700 ## - ADDED ENTRY--PERSONAL NAME
Personal name Acherkan, N.
942 ## - ADDED ENTRY ELEMENTS (KOHA)
Koha item type General Book
Holdings
Koha normalized classification for sorting Shelving location Location (home branch) Lost status Price effective from Koha date last seen Sublocation or collection (holding branch) Source of classification or shelving scheme Koha full call number Damaged status Copy number Not for loan Date acquired Koha item type Withdrawn status Piece designation (barcode)
621_900000000000000_ACH_1969Circulation sectionCentral Library, BUET 2015-04-152015-04-15Central Library, BUET 621.9/ACH/1969 1 2015-04-15General Book 42900
621_900000000000000_ACH_1969Circulation sectionCentral Library, BUET 2015-04-152017-02-06Central Library, BUET 621.9/ACH/1969 2 2015-04-15General Book 42901
621_900000000000000_ACH_1969Circulation sectionCentral Library, BUET 2015-04-152017-02-06Central Library, BUET 621.9/ACH/1969 3 2015-04-15General Book 42902
621_900000000000000_ACH_1969Circulation sectionCentral Library, BUET 2015-04-152017-01-08Central Library, BUET 621.9/ACH/1969 4 2015-04-15General Book 42903
621_900000000000000_ACH_1969Circulation sectionCentral Library, BUET 2015-04-152017-02-11Central Library, BUET 621.9/ACH/1969 5 2015-04-15General Book 42904